Ładuje się......

Osho rajaneesh: oru darsanam

Opis bibliograficzny
1. autor: Joy, T J
Format: Printed Book
Wydane: Kottayam, Current Books 1990
Hasła przedmiotowe:
LEADER 004880000a22001810004500
022 |a 24-07-2004 
041 |a Malayalam 
082 |a 181.4 N0 
100 |a Joy, T J 
245 |a Osho rajaneesh: oru darsanam 
260 |a Kottayam, Current Books 
260 |c 1990 
465 |a R 12 
650 |a Philosophy 
650 |a Study  
942 |c BK 
999 |c 144885  |d 144881 
952 |0 0  |1 0  |4 0  |6 181_400000000000000_N0  |7 0  |9 143661  |a SCC  |b SCC  |d 2017-10-11  |l 0  |o 181.4 N0  |p SCC06298  |r 2017-10-11  |w 2017-10-11  |y BK